000 00592nam a2200217Ia 4500
003 OSt
005 20230424110921.0
008 210423s2000 xx 000 0 und d
020 _a8176491748
040 _cAL
041 _aeng
082 _a581.1503 MIGG
100 _aMIGLANI (Gurbachan S).
_991932
245 _aDictionary of plant genetics and molecular biology.
260 _aNew Delhi
_bW H Freeman & Co.
_c2000
300 _aviii,348
_bPB
365 _b695
_cINR
650 _aBotany
_991933
906 _abiology ; Dictionary ; genetics ; molecular ; plant
942 _2ddc
_cBK
999 _c162541
_d162541